000 00756nam a22002292 4500
001 0000000702
005 20151021151048.0
008 070215s xx 000 0 eng d
020 _a0802429165 :
_cKES 2,100
040 _aKABU
_cKABU
050 0 _aBS475.2
_b.G39 1986
100 1 _aGeisler, Norman L.
_@0000148128
245 1 2 _aA General introduction to the Bible /
_cNorman L. Geisler and William E. Nix.
250 _arev. ed.
260 _aChicago :
_bMoody Press,
_c1986.
300 _a724 p. ;
_c24 cm.
700 1 _aNix, William E.
_@0000149006
852 1 _9p1800 KES
852 1 _9p1800 KES
908 _a070215
950 _@1
999 _c232
_d232